Poverty eradiction and income distribution in Malaysia (Record no. 39278)

000 -LEADER
fixed length control field 00458pab a2200169 454500
008 - FIXED-LENGTH DATA ELEMENTS--GENERAL INFORMATION
fixed length control field 180718b1998 xxu||||| |||| 00| 0 eng d
100 ## - MAIN ENTRY--PERSONAL NAME
Personal name Ishida, Akira
245 ## - TITLE STATEMENT
Title Poverty eradiction and income distribution in Malaysia
260 ## - PUBLICATION, DISTRIBUTION, ETC.
Date of publication, distribution, etc. 1998
300 ## - PHYSICAL DESCRIPTION
Extent p.327-45
650 ## - SUBJECT ADDED ENTRY--TOPICAL TERM
Topical term or geographic name entry element Income distribution - Malaysia
650 ## - SUBJECT ADDED ENTRY--TOPICAL TERM
Topical term or geographic name entry element Poverty - Malaysia
650 ## - SUBJECT ADDED ENTRY--TOPICAL TERM
Topical term or geographic name entry element Poverty
700 ## - ADDED ENTRY--PERSONAL NAME
Personal name Asmuni, Azizan
773 ## - HOST ITEM ENTRY
Main entry heading Journal of Contemporary Asia
909 ## -
-- 39278
Holdings
Withdrawn status Lost status Damaged status Not for loan Permanent Location Current Location Date acquired Serial Enumeration / chronology Barcode Date last seen Price effective from Koha item type
        Indian Institute of Public Administration Indian Institute of Public Administration 2018-07-19 Volume no: 28, Issue no: 3 AR39643 2018-07-19 2018-07-19 Articles

Powered by Koha